000 01795nam a2200457 a 4500
001 22652
003 VRT
005 20260415133755.0
008 240315s2010 xo a c 000 j slo
015 _aSNBA2011/10-05284
020 _a9788081091308
_q(viaz.)
035 _a8FD5404C-C723-42EB-B891-BA10366FB8F7
035 _aurn:nbn:sk:snk-amjgay
035 _aurn:nbn:sk:snk-am001yk3
039 9 _a202403151914
_bVLOAD
_c201808010928
_dVLOAD
_c201711060842
_dmkpoh03
_c201606291334
_dmvthk03
040 _aZKSE
_bslo
_cZKSE
_dSNK
_eAACR2
041 1 _aslo
_hcze
044 _axo
_cSK
072 7 _a821-93
_xLiteratúra pre deti a mládež
_2konspekt
072 7 _a821.162.3
_xČeská literatúra
_2konspekt
080 _a821.162.3-34
_22001
080 _a821-93
_22001
100 1 _aČapek, Josef,
_d1887-1945
_4aut
240 1 0 _aPovídaní o pejskovi a kočičce, jak spolu hospodařili a ještě o všelijakých jiných věcech
_lSlovensky
245 1 0 _aRozprávky o psíčkovi a mačičke
_bako spolu gazdovali a ešte o všelijakých iných veciach
_c[pre deti napísal a nakreslil Josef Čapek ; z českého originálu preložila Krista Bendová]
260 _aBratislava
_bEastone Books
_c2010
300 _a110 s.
_bilustr. (čiast. fareb.)
_c22 cm
655 7 _ačeské rozprávky
_2SNKPH
655 7 _apublikácie pre deti
_2SNKPH
655 7 _aCzech fairy tale
_2SNKPHeng
655 7 _aChildren's literature
_2SNKPHeng
700 1 _aBendová, Krista,
_d1923-1988
_4trl
910 _asllk
910 _avthk
910 _apokpoh
942 _2ddc
_cKLDE
_n0
949 _617A0704565
_asnkSC 145863
_bsnk2011/13986
_o1506/11
949 _617A0704564
_asnkSC 145863 D1
_bsnk2011/13987
_o1506/11
_s6100:20210923
949 _64710710061
_astrmkM
_bstrmk2012/10061
980 _a821.162.3-34
999 _c22652
_d22652